000 00295 a2200121 4500
001 146231
040 _cEscola São Tomás de Aquino
100 _aALVES, Junuária Cristina
240 1 0 _aSofia, a desastrada
_lpor
245 1 0 _aSofia, a desastrada
697 _a*LITERATURA INFANTO
942 _cBK
999 _c146231
_d146231